[Event "Aarhus-B"]
[Site "Aarhus"]
[Date "1987.??.??"]
[Round "5"]
[White "Knudsen, Per"]
[Black "Jacobsen, Bo"]
[Result "1-0"]
[WhiteElo "2320"]
[BlackElo "2285"]

1.Nf3 Nf6 2.c4 g6 3.g3 Bg7 4.Bg2 O-O 5.O-O d6 6.d4 c6 7.Nc3 a6 8.d5 Bd7 9.Nd4 Qb6
10.Nc2 cxd5 11.Be3 Qxb2 12.Bd4 Bf5 13.Ne4 Qxd4 14.Nxd4 dxe4 15.Nxf5 gxf5
16.Rb1 Ra7 17.f3 Nbd7 18.Bh3 b5 19.cxb5 axb5 20.Bxf5 e6 21.Bxe6 fxe6 22.Qxd6 Re8
23.Rxb5 Rxa2 24.fxe4 Bf8 25.Qf4 e5 26.Qg5+ Bg7 27.Rxf6 Nxf6 28.Rb7 Nh5 29.Qxh5 Rf8
30.Qg4 Rf7 31.Qe6 Ra1+ 32.Kg2 Rf1 33.g4 h6 34.h4 Rf6 35.Qd5 Rf4 36.Rxf7 Rxf7
37.g5 hxg5 38.hxg5  1-0

[Event "Altensteig"]
[Site "Altensteig"]
[Date "1987.??.??"]
[Round "?"]
[White "Bischoff, Klaus"]
[Black "Kindermann, Stefan"]
[Result "1/2-1/2"]
[WhiteElo "2485"]
[BlackElo "2520"]

1.Nf3 Nf6 2.c4 g6 3.g3 Bg7 4.Bg2 O-O 5.Nc3 d6 6.O-O Nc6 7.d4 Bf5 8.b3 e5
9.d5 Ne7 10.Bb2 Qd7 11.Re1 Bh3 12.Bh1 h6 13.Nd2 Ng4 14.e3 f5 15.f3 Nf6 16.Qe2 Rae8
17.Nd1  1/2-1/2

[Event "Andorra zt"]
[Site "Andorra"]
[Date "1987.??.??"]
[Round "?"]
[White "Mariotti, Sergio"]
[Black "De la Villa Garcia, Jesus Maria"]
[Result "1/2-1/2"]
[WhiteElo "2410"]
[BlackElo "2485"]

1.Nf3 Nf6 2.c4 g6 3.g3 Bg7 4.Bg2 O-O 5.O-O d6 6.d4 Nc6 7.d5 Na5 8.Nbd2 c5
9.Qc2 a6 10.Rb1 b5 11.b3 Rb8 12.e4 Bg4 13.Bb2 Qc7 14.h3 Bxf3 15.Bxf3 bxc4
16.bxc4 Ne8 17.Be2 Bxb2 18.Rxb2 Rxb2 19.Qxb2 Nf6 20.Rb1 Nd7 21.Qc3 Rb8 22.Rxb8+ Nxb8
23.h4 Qb6 24.a3 Nb7 25.Bg4 Nd8 26.e5 dxe5 27.Qxe5 Qd6 28.Qxd6 exd6 29.Bd1  1/2-1/2

[Event "AUT-ch"]
[Site "Austria"]
[Date "1987.??.??"]
[Round "15"]
[White "Fauland, Alexander"]
[Black "Wittmann, Walter"]
[Result "1/2-1/2"]
[WhiteElo "2330"]
[BlackElo "2400"]

1.Nf3 Nf6 2.c4 g6 3.g3 Bg7 4.Bg2 O-O 5.O-O d6 6.Nc3 c6 7.Rb1 Bf5 8.d3 Qc8
9.b4 Bh3 10.b5 Bxg2 11.Kxg2 Nbd7 12.Ba3 c5 13.Bb2 b6 14.Nd2 e6 15.e4 d5 16.cxd5 exd5
17.exd5 Qb7 18.Nc4 Nxd5 19.Qf3 N7f6 20.Nd6 Qd7 21.Nxd5 Nxd5 22.Bxg7 Kxg7
23.Qxd5 Rad8 24.d4 Qxd6 25.Qxd6 Rxd6 26.dxc5 bxc5 27.Rb2 Rd4 28.Rc1 Rc8 29.Rc3 Ra4
30.Kf3 Kf6 31.Rbc2 c4 32.Ke4 a6  1/2-1/2

[Event "Wch U20"]
[Site "Baguio"]
[Date "1987.??.??"]
[Round "?"]
[White "Rechlis, Gad"]
[Black "Martin del Campo, Roberto"]
[Result "0-1"]
[WhiteElo "2450"]
[BlackElo "2215"]

1.Nf3 Nf6 2.c4 g6 3.g3 Bg7 4.Bg2 O-O 5.O-O d6 6.d4 Nc6 7.Nc3 Bg4 8.d5 Na5
9.Nd2 c5 10.h3 Bd7 11.Qc2 e5 12.e4 Nh5 13.b3 f5 14.exf5 gxf5 15.Bb2 a6 16.Rae1 b5
17.Kh2 bxc4 18.bxc4 Rb8 19.Ncb1 Ba4 20.Qc1 Bh6 21.Na3 Rf7 22.Bc3 Rg7 23.Bf3 Nf4
24.gxf4 Bxf4+ 25.Kh1 Qh4 26.Bg2 Kh8 27.Nf3 Rxg2 28.Qxf4 Qxf4 29.Re3 Rxf2  0-1

[Event "Wch U20"]
[Site "Baguio"]
[Date "1987.??.??"]
[Round "?"]
[White "Ninov, Kiril"]
[Black "Degraeve, Jean Marc"]
[Result "1-0"]
[WhiteElo "2425"]
[BlackElo "2310"]

1.Nf3 Nf6 2.g3 g6 3.Bg2 Bg7 4.c4 O-O 5.O-O d6 6.d4 Nbd7 7.Nc3 e5 8.Qc2 c6
9.Rd1 Re8 10.b3 Qe7 11.e4 exd4 12.Nxd4 Nc5 13.f3 Nfd7 14.Rb1 a5 15.Nde2 Ne5
16.Nd4 f5 17.exf5 Ned3 18.Rxd3 Nxd3 19.Qxd3 Qf6 20.Nce2 Rxe2 21.Qxe2 Qxd4+
22.Be3 Qe5 23.fxg6 Bf5 24.gxh7+ Bxh7 25.Re1 Re8 26.Qf2 c5 27.Kh1  1-0

[Event "Bath zt"]
[Site "Bath"]
[Date "1987.??.??"]
[Round "?"]
[White "McNab, Colin Anderson"]
[Black "Delaney, John"]
[Result "1-0"]
[WhiteElo "2415"]
[BlackElo "2280"]

1.c4 Nf6 2.Nf3 g6 3.g3 Bg7 4.Bg2 O-O 5.O-O d6 6.d4 Nc6 7.Nc3 a6 8.Bd2 Bg4
9.d5 Bxf3 10.exf3 Ne5 11.b3 Ned7 12.f4 Rc8 13.Re1 c6 14.Re3 cxd5 15.cxd5 Nb6
16.Rc1 Qd7 17.Rd3 Qf5 18.Be3 Nbd7 19.f3 Nc5 20.Rd2 Qd7 21.Rdc2 Rfe8 22.Bf1 Bf8
23.Bd4 Nh5 24.Ne4 Nxe4 25.fxe4 Rxc2 26.Qxc2 e5 27.dxe6 Qxe6 28.Re1 Rc8 29.Qf2 Bg7
30.Bxg7 Nxg7 31.Bc4 Qf6 32.Qb6 Qc3 33.Re2 Ne6 34.Bxe6 fxe6 35.Qxd6 Rc6 36.Qd8+ Kg7
37.Qd7+ Kh6 38.Kg2 Qb4 39.g4 g5 40.Qd8 gxf4 41.Qf6+  1-0

[Event "Bath zt"]
[Site "Bath"]
[Date "1987.??.??"]
[Round "?"]
[White "McNab, Colin Anderson"]
[Black "Botterill, George Steven"]
[Result "1-0"]
[WhiteElo "2415"]
[BlackElo "2370"]

1.c4 Nf6 2.Nf3 g6 3.g3 Bg7 4.Bg2 O-O 5.O-O d5 6.cxd5 Nxd5 7.d4 Nc6 8.Nc3 Nb6
9.e3 e5 10.d5 Ne7 11.e4 Bg4 12.h3 Bxf3 13.Qxf3 c6 14.Rd1 cxd5 15.Nxd5 Nexd5
16.exd5 Qd6 17.a4 Nc8 18.Be3 Ne7 19.Rac1 b6 20.Qe2 Rac8 21.Qa6 Rxc1 22.Rxc1 Nf5
23.Bd2 e4 24.Bxe4 Nxg3 25.Bg2 Qe5 26.Re1 Qxb2 27.Qd3 Nf5 28.d6 Be5 29.d7 Nd6
30.Bh6 Rd8 31.Qxd6  1-0

[Event "Belgrade (Women)"]
[Site "Belgrade"]
[Date "1987.??.??"]
[Round "3"]
[White "Cejic, Dusica"]
[Black "Lematschko, Tatjana"]
[Result "1-0"]
[WhiteElo "2140"]
[BlackElo "2340"]

1.Nf3 Nf6 2.c4 g6 3.g3 Bg7 4.Bg2 O-O 5.O-O d6 6.d4 Nbd7 7.Nc3 e5 8.e4 c6
9.h3 Re8 10.Re1 Qc7 11.Be3 h6 12.Qc2 Kh7 13.Rad1 b6 14.Kh2 Nf8 15.b3 Bb7
16.dxe5 dxe5 17.c5 Ne6 18.Na4 b5 19.Nb2 Rad8 20.b4 a5 21.a3 a4 22.Ng1 Bc8
23.Ne2 Nh5 24.Rxd8 Rxd8 25.Rd1 Rxd1 26.Qxd1 Nhf4 27.Bf1 Nxe2 28.Qxe2 Qd8
29.Qd3 Qe7 30.Nd1 Ng5 31.Bc1 Qe6 32.h4 Nh3 33.Qd6 Qxd6 34.cxd6 Nxf2 35.Nxf2 Bf8
36.Bh3 Bxh3 37.Kxh3 Bxd6 38.Ng4 f5 39.Nf6+ Kh8 40.Bxh6 c5 41.bxc5 Bxc5 42.Bc1 Kg7
43.Nd5 fxe4 44.Kg2 Kf7 45.Nc3 b4 46.Nxa4 Be7 47.axb4 Bxb4 48.Kf2 Ke6 49.g4 Kd5
50.Nb6+ Ke6 51.Be3 Be7 52.Kg3 Bb4 53.Nc4 Kd5 54.Nd2 Be7 55.g5 Bb4 56.Kg4 Bc3
57.h5 gxh5+ 58.Kxh5 Bb4 59.g6 Ke6 60.Nxe4 Bf8 61.Bh6 Be7 62.Ng5+  1-0

[Event "Biel schev"]
[Site "Biel"]
[Date "1987.??.??"]
[Round "?"]
[White "Landenbergue, Claude"]
[Black "Cramling, Pia"]
[Result "1-0"]
[WhiteElo "2300"]
[BlackElo "2455"]

1.Nf3 Nf6 2.c4 g6 3.g3 Bg7 4.Bg2 O-O 5.d4 d6 6.O-O Nbd7 7.Nc3 e5 8.e4 c6
9.h3 Qb6 10.Re1 exd4 11.Nxd4 Re8 12.Re2 Ng4 13.Rd2 Nge5 14.b3 Nc5 15.Nde2 f5
16.exf5 Bxf5 17.g4 Ncd3 18.Qf1 Nxc1 19.Rxc1 Bh6 20.c5 dxc5 21.f4 c4+ 22.Kh1 Bxg4
23.hxg4 Nxg4 24.Qf3 Nf2+ 25.Kh2 Nd3 26.Rf1 Re3 27.Qg4 Rf8 28.bxc4 Qc7 29.Ne4 Nxf4
30.Rd7 Qe5 31.N2g3 Bg7 32.Rxb7 h5 33.Qh4 Re2 34.Nxe2 Nxe2+ 35.Kh1 Rxf1+ 36.Bxf1 Qxe4+
37.Qxe4 Ng3+ 38.Kg2 Nxe4 39.Rxa7 g5 40.Bd3 Nc5 41.Bg6 h4 42.Kh3 Be5 43.a4 Bd4
44.a5 Ne6 45.Rd7 Nf4+ 46.Kg4 Be3 47.Be4 h3 48.a6 h2 49.a7 Bxa7 50.Rxa7 Nd3
51.Kxg5 Nf2 52.Bxc6 h1=Q 53.Bxh1 Nxh1 54.c5 Kf8 55.Kf6 Ke8 56.Ke6 Kd8 57.c6 Ng3
58.Kd6 Ne4+ 59.Kd5 Nc3+ 60.Kc5 Kc8 61.Ra3 Nb1 62.Ra8+ Kc7 63.Ra7+ Kb8 64.Kd6  1-0

[Event "Bilbao"]
[Site "Bilbao"]
[Date "1987.??.??"]
[Round "?"]
[White "Illescas Cordoba, Miguel"]
[Black "Ochoa de Echaguen, F Javier"]
[Result "1/2-1/2"]
[WhiteElo "2505"]
[BlackElo "2430"]

1.Nf3 Nf6 2.c4 g6 3.g3 Bg7 4.Bg2 O-O 5.d4 c6 6.Nc3 d5 7.cxd5 cxd5 8.Ne5 e6
9.O-O Nfd7 10.f4 Nc6 11.Be3 Ndxe5 12.fxe5 f6 13.exf6 Rxf6 14.Qd2 Bd7 15.Kh1 Rxf1+
16.Rxf1 Qe7 17.Rd1 Kh8 18.a3 Rc8 19.Bg5 Qf8 20.Rf1 Qg8 21.e3 h6 22.Bf6 Bxf6
23.Rxf6 Rf8 24.Rf2 Qg7 25.Rxf8+ Qxf8 26.e4 dxe4 27.Nxe4 b6 28.Kg1 Qg7 29.d5 exd5
30.Qxd5 Qd4+ 31.Qxd4+ Nxd4 32.Kf2 Kg7 33.Ke3 Ne6 34.h4 Kf7 35.Bf1 Ke7 36.Bc4 Bc6
37.Nf2 g5 38.Ng4 gxh4 39.gxh4 h5 40.Ne5 Be8 41.Ke4 Ng7 42.Nf3 Kf6 43.Nd4 Bg6+
44.Kf4 Be8 45.Be2 Bg6 46.Bb5 Bf5 47.Bc6 Bg6 48.Bd7 Bd3 49.Bc8 Ne8 50.Bf5 Bf1
51.Nc2 Nc7 52.Ne3 Bb5 53.Bc2 Bc6 54.Bb3 b5 55.Nf5 Bd5 56.Bxd5 Nxd5+ 57.Ke4 b4
58.axb4 Nxb4 59.Ng3 Kg6 60.Ne2 Nc6 61.Nf4+ Kh6 62.Nd5 Kg6 63.b4 a6 64.Kf4 Kh6
65.Ke4 Kg6 66.Nf4+ Kh6 67.Nd3 a5  1/2-1/2

[Event "Copenhagen op"]
[Site "Copenhagen"]
[Date "1987.??.??"]
[Round "8"]
[White "Rodgaard, John"]
[Black "Bjerring, Kai"]
[Result "1/2-1/2"]
[WhiteElo "2370"]
[BlackElo "2280"]

1.c4 Nf6 2.Nf3 g6 3.g3 Bg7 4.Bg2 O-O 5.O-O d6 6.d4 c6 7.Nc3 Qa5 8.h3 Be6
9.d5 cxd5 10.Nd4 Bd7 11.Nb3 Qa6 12.cxd5 Ba4 13.Bd2 Nbd7 14.Nxa4 Qxa4 15.Na5 Qb5
16.b4 Nb6 17.a4 Qd7 18.Qb3 Rfc8 19.b5 Rc7 20.Rac1 Rac8 21.e4 Qd8 22.Rxc7 Rxc7
23.Rc1 Rxc1+ 24.Bxc1 Qc7 25.Be3 Nfd7 26.Bf1 Nc5  1/2-1/2

[Event "BUL-ch"]
[Site "Elenite"]
[Date "1987.??.??"]
[Round "6"]
[White "Danailov, Silvio"]
[Black "Spasov, Vasil"]
[Result "1-0"]
[WhiteElo "2395"]
[BlackElo "2370"]

1.Nf3 Nf6 2.c4 g6 3.g3 Bg7 4.Bg2 O-O 5.d4 d6 6.Nc3 Nbd7 7.O-O e5 8.e4 c6
9.b3 exd4 10.Nxd4 Nc5 11.h3 a5 12.Rb1 Re8 13.Re1 Nfd7 14.Be3 a4 15.Qc2 axb3
16.axb3 Ne5 17.Red1 Qe7 18.f4 Ned7 19.Bf2 Ne6 20.Nde2 Bf8 21.b4 f6 22.Rd2 Qf7
23.Qb3 Ng7 24.Nd4 f5 25.exf5 Nxf5 26.Nc2 Nf6 27.g4 Ng7 28.Ne3 Bd7 29.Qc2 Re6
30.Rd3 Rae8 31.Rbd1 Bc8 32.Nf1 R6e7 33.Rxd6 Nd7 34.c5 Qxf4 35.R6d4 Qh6 36.Ne4 g5
37.Nd6 Ne5 38.Nxe8 Rxe8 39.Rd8 Rxd8 40.Rxd8 Be6 41.Qe4 Ng6 42.Bg3 Nf4 43.Bxf4 gxf4
44.Nd2 Qh4 45.Rb8 Qg3 46.Nf1  1-0

[Event "BUL-ch"]
[Site "Elenite"]
[Date "1987.??.??"]
[Round "10"]
[White "Danailov, Silvio"]
[Black "Georgiev, Krum"]
[Result "1-0"]
[WhiteElo "2395"]
[BlackElo "2470"]

1.Nf3 Nf6 2.c4 g6 3.g3 Bg7 4.Bg2 O-O 5.O-O d6 6.d4 a6 7.b3 b5 8.Bb2 Bb7 9.Nbd2 Nbd7
10.Qc2 c5 11.d5 Ne8 12.e4 e5 13.Ne1 Bh6 14.Nd3 f6 15.f4 Bc8 16.Rae1 Nb6 17.Bc3 b4
18.Bb2 Ra7 19.Rf2 Re7 20.Nf1 Ng7 21.Bc1 exf4 22.gxf4 Rfe8 23.Bb2 Nd7 24.Qd1 Qc7
25.Ng3 a5 26.Bh3 Rf8 27.Qa1 Qd8 28.a4 Rfe8 29.Kg2 g5 30.Bxd7 Bxd7 31.f5 Rf7
32.Rff1 Ref8 33.Nf2 Ne8 34.Ng4 Bg7 35.Nh5 Nc7 36.h4 gxh4 37.Kf3  1-0

[Event "Espergaerde"]
[Site "Espergaerde"]
[Date "1987.??.??"]
[Round "3"]
[White "Ksieski, Zbigniew"]
[Black "Gallagher, Joseph G"]
[Result "1-0"]
[WhiteElo "2370"]
[BlackElo "2405"]

1.Nf3 Nf6 2.c4 g6 3.g3 Bg7 4.Bg2 O-O 5.d4 d6 6.O-O Nbd7 7.d5 Nc5 8.Nc3 a5
9.Nd4 e5 10.dxe6 fxe6 11.Nb3 Nxb3 12.axb3 Ra6 13.Bg5 Qe7 14.Qd2 Qf7 15.Nb5 Ne8
16.Rxa5 Rxa5 17.Qxa5 Bxb2 18.Qa8 c6 19.Qxc8 cxb5 20.Qxb7 bxc4 21.bxc4 Qxb7
22.Bxb7 Rf5 23.Be3 Ra5 24.Kg2 Ra1 25.Rxa1 Bxa1 26.g4 Kf7 27.g5 Ng7 28.c5 dxc5
29.Bxc5 Be5 30.Ba6 Nf5 31.e3 Nh4+ 32.Kh3 Nf3 33.Bb7 Nd2 34.f4 Bc7 35.Kg4 Nc4
36.e4 Nd6 37.Bc6 Nc8 38.h4 Ne7 39.Bd7 Bb8 40.Kf3 Bc7 41.Bd4 Ba5 42.Be5 Be1
43.Kg4 Bd2 44.Bd6 Bc1 45.Kf3 Bd2 46.Ke2 Ba5 47.Kd3 Bb6 48.h5 Ba7 49.h6 Bb6
50.Kc4 Be3 51.Kb5 Bc1 52.Kb6 Bd2 53.Kb7 Bc3 54.Ba4 e5 55.Bb3+ Ke8 56.Bxe5 Bxe5
57.fxe5 Kd7 58.Bd5 Kd8 59.Be6 Ke8 60.Kc7 Kf8 61.Bd7 Kf7 62.Kd8 Kf8 63.Be8  1-0

[Event "Espoo"]
[Site "Espoo"]
[Date "1987.??.??"]
[Round "5"]
[White "Kekki, Jorma"]
[Black "Ebeling, Mika"]
[Result "1/2-1/2"]
[WhiteElo "2315"]
[BlackElo "2275"]

1.Nf3 Nf6 2.c4 g6 3.g3 Bg7 4.Bg2 O-O 5.O-O c6 6.d4 d5 7.cxd5 cxd5 8.Nc3 Ne4
9.Nxe4 dxe4 10.Ng5 Qxd4 11.Qxd4 Bxd4 12.Bxe4 Nc6 13.Nf3 Bg7 14.Rb1 Be6 15.b3 Rfd8
16.Bb2 Bd5 17.Bxd5 Rxd5 18.Bxg7 Kxg7  1/2-1/2

[Event "Frunze"]
[Site "Frunze"]
[Date "1987.??.??"]
[Round "?"]
[White "Jukic, Mirko"]
[Black "Kuzmin, Gennadi P"]
[Result "1/2-1/2"]
[WhiteElo "2455"]
[BlackElo "2470"]

1.Nf3 Nf6 2.c4 g6 3.g3 Bg7 4.Bg2 O-O 5.d4 d6 6.O-O c6 7.Nc3 Bf5 8.b3 Ne4
9.Bb2 Nxc3 10.Bxc3 Be4 11.Qd2 Nd7 12.Qe3 d5 13.Bh3 Bxf3 14.Qxf3 e6 15.Rfd1 f5
16.Qd3 Qe7 17.Bg2 Rad8 18.e3 h5 19.Qe2 Nf6 20.a4 g5 21.b4 Rc8 22.Bb2 Qf7
23.b5 cxb5 24.cxd5 exd5 25.axb5 b6 26.Rdc1 Qd7 27.Ba3 Rfe8 28.Bh3 g4 29.Bf1 Rxc1
30.Rxc1 Rc8 31.Rxc8+ Qxc8 32.Bd6 Ne4 33.Bf4 Qc1 34.Bb8 Bf6 35.h4 Kg7 36.Kh2 Qc8
37.Bf4 Kg6  1/2-1/2

[Event "POL-ch sf"]
[Site "Gdynia"]
[Date "1987.??.??"]
[Round "5"]
[White "Kiedrowicz, Jan"]
[Black "Czerwonski, Aleksander"]
[Result "0-1"]
[WhiteElo "2315"]
[BlackElo "2315"]

1.Nf3 Nf6 2.c4 g6 3.g3 Bg7 4.Bg2 O-O 5.O-O d6 6.d4 c5 7.b3 Nc6 8.Bb2 cxd4
9.Nxd4 Qb6 10.Nc2 Be6 11.Nc3 Bxc4 12.Bxc6 bxc6 13.Na4 Qa6 14.Nb4 Qb7 15.Rc1 Be6
16.Nd3 Bh3 17.Re1 e5 18.f3 Be6 19.e4 Rfd8 20.Rc2 Rac8 21.Qa1 Ne8 22.f4 exf4
23.Nxf4 Bxb2 24.Qxb2 Ng7 25.Rf2 Qb4 26.Qa1 d5 27.exd5 cxd5 28.Qe5 Bf5 29.Rd1 Qe4
30.Re2 Qf3 31.Rf1 Qg4 32.Rd2 Be4 33.Nxd5 Rxd5 34.Rxd5 Qe2 35.Rd2 Qxd2 36.Qxe4 Nf5
37.Qb7 Rc2 38.Rxf5  0-1

[Event "Graz op"]
[Site "Graz"]
[Date "1987.??.??"]
[Round "2"]
[White "Velikov, Petar"]
[Black "Lenz, Thomas"]
[Result "1-0"]
[WhiteElo "2475"]
[BlackElo "2270"]

1.Nf3 Nf6 2.c4 g6 3.g3 Bg7 4.Bg2 O-O 5.O-O d6 6.d4 Nc6 7.Nc3 Bg4 8.d5 Na5
9.Nd2 c5 10.h3 Bd7 11.Qc2 a6 12.b3 b5 13.Bb2 Rb8 14.Rab1 Bh6 15.f4 bxc4 16.bxc4 Nh5
17.Kh2 e5 18.dxe6 fxe6 19.Nce4 Qe7 20.e3 Bg7 21.Bxg7 Nxg7 22.Qc3 Nc6 23.Qc2 Na5
24.Qd3 Bc6 25.Qc3 Qc7 26.Nf6+ Kh8 27.Nde4 Rb4 28.Rxb4 cxb4 29.Qxb4 Bxe4 30.Nxe4 Nxc4
31.Rc1 Rc8 32.Ng5 h6 33.Bb7 a5 34.Qb5 Qb8 35.Nf7+ Kh7 36.Ba6 Qxb5 37.Bxb5 d5
38.Ne5 Nf5 39.Nxc4 Nxe3 40.Re1 Nxc4 41.Rxe6 Rb8 42.a4 Rd8 43.Kg2 Kg7 44.Kf3 Kf7
45.Ra6 Rc8 46.g4 Rd8 47.h4 Kg7 48.Ra7+ Kf6 49.g5+ hxg5 50.hxg5+ Ke6 51.Rg7  1-0

[Event "Graz op"]
[Site "Graz"]
[Date "1987.??.??"]
[Round "4"]
[White "Velikov, Petar"]
[Black "Mednis, Edmar John"]
[Result "1/2-1/2"]
[WhiteElo "2475"]
[BlackElo "2445"]

1.Nf3 Nf6 2.c4 g6 3.g3 Bg7 4.Bg2 O-O 5.O-O d6 6.d4 c6 7.b3 Qa5 8.h3 e5 9.Bd2 Qb6
10.dxe5 dxe5 11.Nc3 Re8 12.e4 Nbd7 13.Be3 Qc7 14.Qc2 Bf8 15.Na4 b6 16.Ne1 Bb7
17.Nd3 Rad8 18.Rad1 Bg7 19.Nc3 Nf8 20.f4 Nh5  1/2-1/2

[Event "Graz op"]
[Site "Graz"]
[Date "1987.??.??"]
[Round "7"]
[White "Csom, Istvan"]
[Black "Damljanovic, Branko"]
[Result "0-1"]
[WhiteElo "2480"]
[BlackElo "2500"]

1.c4 Nf6 2.Nf3 g6 3.g3 Bg7 4.Bg2 O-O 5.d4 d6 6.Nc3 c6 7.O-O Qa5 8.h3 Be6
9.Nd2 Qa6 10.b3 d5 11.Na4 Nfd7 12.Nf3 h6 13.c5 b6 14.Be3 Qc8 15.Rc1 bxc5
16.Kh2 Na6 17.Bf4 g5 18.Be3 Bf5 19.Qd2 Bg6 20.h4 g4 21.Ne5 Nxe5 22.dxe5 h5
23.Bf4 Qe6 24.Qa5 Qc8 25.Nxc5 Nxc5 26.Rxc5 Qb7 27.Rfc1 Rac8 28.Qa4 e6 29.Rxc6 Rxc6
30.Rxc6 Ra8 31.Qa6 Qb4 32.Rc1 Kh7 33.Kg1 Qd4 34.Bf1 Bxe5 35.Be3 Qb2 36.Qb7 Rg8
37.Qxa7 d4 38.Bg5 d3 39.e3 Qxc1 40.e4 d2 41.Qa5 Bc3 42.Qc7 d1=Q 43.Bxc1 Qxc1  0-1

[Event "Hameln Voba"]
[Site "Hameln"]
[Date "1987.??.??"]
[Round "?"]
[White "Stangl, Markus"]
[Black "Pape, Joerg"]
[Result "1/2-1/2"]
[WhiteElo "2375"]
[BlackElo "2200"]

1.c4 Nf6 2.Nf3 g6 3.g3 Bg7 4.Bg2 O-O 5.Nc3 d6 6.O-O e5 7.d4 Nbd7 8.e4 c6
9.Re1 exd4 10.Nxd4 Ng4 11.Nc2 Nb6 12.Na3 Ne5 13.Bf1 Be6 14.Bf4 Qd7 15.Bxe5 dxe5
16.Qxd7 Nxd7 17.Nc2 Rfd8 18.Red1 Bf8 19.b3 Be7 20.Kg2 Nc5 21.f3 Rxd1 22.Rxd1 Rd8
23.Rxd8+ Bxd8 24.b4 Na6 25.Kf2 Nc7 26.Bd3 Kf8 27.Ne3 Bd7 28.c5 Ne6 29.Nc4 Bc7
30.a4 a5 31.Nxa5 Nxc5 32.Bc4 b6 33.bxc5 bxa5 34.Na2 f5 35.Nc1 fxe4 36.fxe4 Bg4
37.Ke3 Bd8 38.Kd3 Ke8 39.Nb3 Bd1 40.Kd2 Bxb3 41.Bxb3 Be7 42.Kd3 Bxc5 43.Bg8 h5
44.h3 Bf2 45.g4 Ke7 46.Ke2 Bh4 47.Kd3 Kf6 48.Kc4 Kg5 49.Bf7 Kf6  1/2-1/2

[Event "Lugano op"]
[Site "Lugano"]
[Date "1987.??.??"]
[Round "?"]
[White "Georgiev, Kiril"]
[Black "Brustman, Agnieszka"]
[Result "1-0"]
[WhiteElo "2590"]
[BlackElo "2335"]

1.Nf3 Nf6 2.c4 g6 3.g3 Bg7 4.Bg2 O-O 5.O-O d6 6.d4 Nc6 7.Nc3 a6 8.h3 Rb8
9.Be3 b5 10.Nd2 Bd7 11.Rc1 Na5 12.cxb5 axb5 13.b4 Nc4 14.Nxc4 bxc4 15.b5 d5
16.Nxd5 Nxd5 17.Bxd5 Bxh3 18.Bxc4 Bxf1 19.Kxf1 Qd7 20.d5 Qh3+ 21.Kg1 Be5
22.Qd3 Bd6 23.Bd4 Ra8 24.e4 Ra3 25.Bb3 Qh5 26.f4 Bxf4 27.gxf4 Qg4+ 28.Kh1 Qh4+
29.Kg2 Qg4+ 30.Qg3 Qe2+ 31.Kg1 Qxe4 32.Qe3 Qf5 33.Rxc7 Rfa8 34.Rxe7 Qc8 35.Rxf7 Kxf7
36.d6+  1-0

[Event "Moscow-B"]
[Site "Moscow"]
[Date "1987.??.??"]
[Round "?"]
[White "Pigusov, Evgeny"]
[Black "Belov, Igor"]
[Result "1/2-1/2"]
[WhiteElo "2520"]
[BlackElo "2405"]

1.Nf3 Nf6 2.c4 g6 3.g3 Bg7 4.Bg2 O-O 5.O-O d5 6.cxd5 Nxd5 7.d4 Nb6 8.Nc3 Nc6
9.e3 Re8 10.Ne1 e5 11.d5 Na5 12.e4 c6 13.Nc2 cxd5 14.exd5 Nac4 15.b3 Nd6
16.Be3 Bf5 17.Rc1 Bxc2 18.Rxc2 Nf5 19.Bc5 Rc8 20.Ne2 e4 21.d6 Nxd6 22.Bxd6 Rxc2
23.Qxc2 Qxd6 24.Bxe4 Qe7 25.Bf3 Nd7 26.Rd1 Ne5 27.Bg2 b6 28.Nf4 Ng4 29.Nd5 Qe5
30.h3 Nf6 31.Nxf6+  1/2-1/2

[Event "Munich zt"]
[Site "Munich"]
[Date "1987.??.??"]
[Round "?"]
[White "Hertneck, Gerald"]
[Black "Gruenfeld, Yehuda"]
[Result "0-1"]
[WhiteElo "2450"]
[BlackElo "2540"]

1.Nf3 Nf6 2.c4 g6 3.g3 Bg7 4.Bg2 O-O 5.O-O d6 6.Nc3 Nc6 7.d3 e5 8.Rb1 a5
9.a3 h6 10.b4 axb4 11.axb4 Be6 12.b5 Ne7 13.Qb3 Nd7 14.Ba3 f5 15.Nd2 Rb8
16.Nd5 b6 17.Ra1 Rf7 18.Nb4 Nc5 19.Qc2 Qd7 20.Bb2 Rbf8 21.f4 d5 22.Nf3 exf4
23.gxf4 Bxb2 24.Qxb2 Qd6 25.Ra7 dxc4 26.Ne5 Rg7 27.Nxc4 Bxc4 28.dxc4 Ne4
29.Nd3 Nc8 30.Ra8 Qe6 31.Ne5 Ncd6 32.Rxf8+ Kxf8 33.Ra1 Kg8 34.Ra8+ Kh7 35.Qd4 g5
36.e3 gxf4 37.exf4 Qf6 38.Kf1 Rg4 39.Qd5 Rxf4+ 40.Kg1 Qg7 41.Nd7 Ne8 42.Qe5 Qxd7
43.h3 Qd2 44.Rxe8 Qe1+ 45.Kh2 Qg3+  0-1

[Event "URS-ch otbor"]
[Site "Norilsk"]
[Date "1987.??.??"]
[Round "?"]
[White "Khasin, Alexander"]
[Black "Vainerman, Igor"]
[Result "1/2-1/2"]
[WhiteElo "2410"]
[BlackElo "2480"]

1.c4 Nf6 2.g3 g6 3.Bg2 Bg7 4.Nf3 O-O 5.O-O c6 6.d4 d5 7.Qb3 dxc4 8.Qxc4 Qa5
9.Bf4 Be6 10.Qc2 Qf5 11.Qc1 Qh5 12.Nc3 Bh3 13.e4 Ng4 14.e5 Na6 15.Ne4 h6
16.Nc5 Nxc5 17.Qxc5 e6 18.Qe7 Rab8 19.Rac1 Rfe8 20.Qa3 a6 21.Rfe1 Red8 22.Bh1 Bf8
23.Qb3 Re8 24.Nd2 g5 25.Be3 f5 26.exf6 Nxf6 27.Nc4 Bf5 28.Ne5 Ng4 29.Nxg4 Bxg4
30.Bd2 Qf7  1/2-1/2

[Event "Pancevo"]
[Site "Pancevo"]
[Date "1987.??.??"]
[Round "?"]
[White "Rodriguez, Amador"]
[Black "Nikolic, Sava N"]
[Result "1-0"]
[WhiteElo "2515"]
[BlackElo "2335"]

1.Nf3 Nf6 2.c4 g6 3.g3 Bg7 4.Bg2 O-O 5.O-O d6 6.d4 Nbd7 7.Nc3 e5 8.e4 exd4
9.Nxd4 Nc5 10.h3 Re8 11.Re1 a5 12.Rb1 a4 13.b4 axb3 14.axb3 Nfd7 15.Be3 c6
16.Qc2 Na6 17.Red1 Nb4 18.Qe2 Qa5 19.Qf1 Ra6 20.Nde2 Nc2 21.Bd2 Qc7 22.Rbc1 Na3
23.Bf4 Be5 24.Nb5 Nxb5 25.cxb5 Ra3 26.b4 Qb6 27.Bxe5 dxe5 28.Nc3 Nf8 29.Rd6 Re6
30.Nd5 Qa7 31.Rd8 Bd7 32.Ne3 Rf6 33.Qd1 Rxf2 34.Qd6 Kg7 35.Qxf8+ Kf6 36.Rxd7 Qxe3
37.Rxf7+ Kg5 38.Rxf2 Qxc1+ 39.Kh2  1-0

[Event "Pavlodar"]
[Site "Pavlodar"]
[Date "1987.??.??"]
[Round "?"]
[White "Mikhalchishin, Adrian"]
[Black "Gleizerov, Evgeny"]
[Result "1-0"]
[WhiteElo "2500"]
[BlackElo "2410"]

1.Nf3 Nf6 2.c4 g6 3.g3 Bg7 4.Bg2 O-O 5.O-O d6 6.d4 Nc6 7.Nc3 a6 8.h3 Rb8
9.Be3 b5 10.Nd2 Bd7 11.Rc1 e5 12.dxe5 Nxe5 13.cxb5 axb5 14.b3 Re8 15.Nce4 Nxe4
16.Nxe4 Bf5 17.Nc3 b4 18.Nd5 c6 19.Nf4 h5 20.Bd4 Bh6 21.e3 Qa5 22.Nxh5 gxh5
23.Qxh5 Bd3 24.Rfd1 Re6 25.Rxd3 Qxa2 26.Bxe5 dxe5 27.Qf5 Bg7 28.Rxc6  1-0

[Event "Bohemians"]
[Site "Prague"]
[Date "1987.??.??"]
[Round "?"]
[White "Znamenacek, Kvetoslav"]
[Black "Cvitan, Ognjen"]
[Result "0-1"]
[WhiteElo "2300"]
[BlackElo "2500"]

1.Nf3 Nf6 2.c4 g6 3.g3 Bg7 4.Bg2 O-O 5.O-O d6 6.d4 c6 7.Nc3 Qa5 8.e4 Bg4
9.h3 Bxf3 10.Bxf3 Nfd7 11.Be3 a6 12.Qd2 c5 13.dxc5 dxc5 14.Nd5 Qd8 15.Rad1 Nc6
16.Bg2 Nd4 17.f4 e6 18.Nc3 Qc7 19.e5 Rad8 20.Qf2 f6 21.exf6 Nxf6 22.Kh1 Nh5
23.g4 Nxf4 24.Bxf4 e5 25.Nd5 Qd6 26.Qd2 exf4 27.Rxf4 Be5 28.Rff1 Kg7 29.Qd3 Rde8
30.Rxf8 Rxf8 31.Rf1 Rxf1+ 32.Qxf1 Qd8 33.Ne3 Bb8 34.Bd5 Qe7 35.Qf2 h6 36.Nf1 b6
37.Qe3 Qf6 38.Kg2 Be5 39.b3 h5 40.Ng3 Bxg3 41.Qxg3 Ne2 42.g5 Qe7 43.Qh4 Qe3
44.Qe4 Qg1+ 45.Kf3 Nd4+ 46.Kf4 Qh2+ 47.Ke3 Qxh3+ 48.Kf2 Qh2+ 49.Kf1 Nf5 50.Qe6 Qf4+
51.Ke1 Qc1+ 52.Kf2 Qd2+ 53.Kf1 Ne3+ 54.Kg1 Qe1+ 55.Kh2 Qf2+ 56.Kh3 Qf1+ 57.Kg3 Nf5+
58.Kh2 Qf4+ 59.Kh1 Qh4+  0-1

[Event "PRC-chT"]
[Site "?"]
[Date "1987.??.??"]
[Round "?"]
[White "Ye Rongguang"]
[Black "Ye Jiangchuan"]
[Result "1/2-1/2"]
[WhiteElo "2375"]
[BlackElo "2505"]

1.Nf3 g6 2.g3 Bg7 3.Bg2 Nf6 4.c4 O-O 5.O-O d5 6.d4 dxc4 7.Na3 c3 8.bxc3 c5
9.Ne5 Nc6 10.Nac4 Be6 11.Rb1 Bd5 12.Qd3 Bxg2 13.Kxg2 cxd4  1/2-1/2

[Event "Primorsko op"]
[Site "Primorsko"]
[Date "1987.??.??"]
[Round "1"]
[White "Toshkov, Tihomir"]
[Black "Vasilev, Nikolai"]
[Result "1-0"]
[WhiteElo "2435"]
[BlackElo "2265"]

1.Nf3 Nf6 2.c4 g6 3.g3 Bg7 4.Bg2 O-O 5.d4 d6 6.O-O Nbd7 7.Qc2 e5 8.Rd1 Qe7
9.Nc3 c6 10.b3 exd4 11.Nxd4 Re8 12.Bf4 Ne5 13.Qd2 Nfd7 14.Rac1 Nc5 15.Nf3 Ne6
16.Bh6 Bxh6 17.Qxh6 Nxf3+ 18.exf3 Ng7 19.Qd2 Be6 20.Qxd6 Qxd6 21.Rxd6 Nf5
22.Rd2 c5 23.Ne4 Rec8 24.f4 Rab8 25.Nf6+ Kg7 26.Nd7 Rd8 27.Rcd1 Bxd7 28.Rxd7 Nd4
29.Rxd8 Rxd8 30.Re1 Rd7 31.Re8 Nc2 32.h4 h5 33.f5 Rd1+ 34.Kh2 Rd2 35.fxg6  1-0

[Event "Primorsko op"]
[Site "Primorsko"]
[Date "1987.??.??"]
[Round "6"]
[White "Kalcheva, Natalia"]
[Black "Chilingirova, Pavlina"]
[Result "0-1"]
[WhiteElo "2015"]
[BlackElo "2245"]

1.Nf3 Nf6 2.c4 g6 3.g3 Bg7 4.Bg2 O-O 5.d4 d5 6.cxd5 Nxd5 7.e4 Nb6 8.O-O Bg4
9.d5 c6 10.h3 Bxf3 11.Qxf3 cxd5 12.exd5 Nc4 13.Nc3 Nd7 14.Rd1 Nd6 15.Bf4 Qb6
16.Qe2 Rfe8 17.Rac1 Rac8 18.Na4 Qb4 19.b3 Nf5 20.Rc4 Rxc4 21.Qxc4 Qxc4 22.bxc4 Rc8
23.Bf1 b6 24.Rc1 Nd6 25.Be3 Nb7 26.h4 f5 27.Bg5 Kf7 28.Re1 Bf6 29.Bxf6 Nxf6
30.Nb2 Nd6 31.Rc1 Nxd5 32.Nd3 Nf6 33.c5 bxc5 34.Rxc5 Rxc5 35.Nxc5 Nfe4 36.Nxe4 Nxe4
37.Bc4+ Kf6 38.Kg2 Nd6 39.Bb3 e5 40.f3 h6 41.Kf2 f4 42.Bc2 Nf5 43.gxf4 Nxh4
44.fxe5+ Kxe5 45.a4 Kf4 46.Be4 a5 47.Bc6 Nf5 48.Be8 g5 49.Bc6 h5 50.Bb7 h4
51.Bc6 Ne3 52.Bd7 Nc4 53.Bc6 Ne5 54.Bb7 h3 55.Bd5 Nd3+  0-1